MANAGEMENT AND ORGANIZATIONAL BEHAVIOUR (Record no. 208847)
[ view plain ]
| 000 -LEADER | |
|---|---|
| fixed length control field | 00258nam a22000977a 4500 |
| 008 - FIXED-LENGTH DATA ELEMENTS--GENERAL INFORMATION | |
| fixed length control field | 240202b |||||||| |||| 00| 0 eng d |
| 020 ## - INTERNATIONAL STANDARD BOOK NUMBER | |
| International Standard Book Number | 9780273708889 |
| 245 ## - TITLE STATEMENT | |
| Title | MANAGEMENT AND ORGANIZATIONAL BEHAVIOUR |
| 260 ## - PUBLICATION, DISTRIBUTION, ETC. | |
| Place of publication, distribution, etc. | HARLOW |
| Name of publisher, distributor, etc. | PRENTICE HALL |
| 942 ## - ADDED ENTRY ELEMENTS (KOHA) | |
| Source of classification or shelving scheme | Library of Congress Classification |
| Koha item type | Long Loan Book |
| Withdrawn status | Lost status | Source of classification or shelving scheme | Damaged status | Not for loan | Collection | Home library | Current library | Date acquired | Inventory number | Total checkouts | Full call number | Barcode | Date last seen | Date last checked out | Copy number | Price effective from | Koha item type | Shelving location |
|---|---|---|---|---|---|---|---|---|---|---|---|---|---|---|---|---|---|---|
| Library of Congress Classification | Business & Economics | Kisii University Library | Kisii University Library | 02/02/2024 | 23304 | 1 | HD58.7.M85 2007 | 002352 | 02/06/2024 | 02/02/2024 | 1 | 02/02/2024 | Long Loan Book | |||||
| Library of Congress Classification | Business & Economics | Kisii University Library | Kisii University Library | 03/21/2024 | 0115 | HD 58.7 .M85 2007 | 002364 | 03/21/2024 | C.2 | 03/21/2024 | Long Loan Book | On Display |